| 000 | 00569nam a22001697a 4500 | ||
|---|---|---|---|
| 999 |
_c194926 _d194926 |
||
| 005 | 20230131103331.0 | ||
| 010 | _aENG-136081 | ||
| 020 |
_a9788180388279 _c1095.00 |
||
| 035 | _aEN-119613 | ||
| 037 | _bDBAD/PUB | ||
| 082 | _a343.03 | ||
| 245 |
_aTax Law Dictionary: _bWith Legal Maxims, Latin Terms, and Words & Phrases/ |
||
| 260 |
_aHaryana _bLexisNexis _c2013 |
||
| 270 |
_a14th Floor, Building No. 10, Tower-B, DLF Cyber City, Phase-II _bGurgaon _e122002 _mhelp.in@lexisnexis.com |
||
| 300 |
_a779p. _c24cm(pbk) |
||
| 942 |
_2ddc _cEN _h343.03 _mTAX |
||